Представление документа в формате RUSMARC

ПолеНазваниеЗначение
  Тип записи a
  Библиографический уровень a
001 Контрольный номер RU/УОНБ/EK_Kray/467906024
005 Дата корректировки 20260202154246.3
100 Данные общей обработки __
a Данные общей обработки 20260202d2014####|||c0rusy0189 ca
101 Язык документа 0_
a Язык текста rus
102 Страна публикации __
a Страна публикации RU
105 Кодированные данные (монография) __
a Кодированные данные (монография) y###||||000|y
200 Заглавие и сведения об ответственности 1_
a Заглавие "Все у него было так: палку воткнет - и она у него расцветет..."
e Сведения, относящиеся к заглавию [из воспоминаний супруги Тамары Ивановны Масюковой о Виталие Масюкове]
215 Физическое описание __
c Иллюстрации/тип воспроизводства 1 фот.
225 Серия 2_
a Серия Соло
300 Общие примечания __
a Общие примечания 12+
461 Уровень набора _0
1 2001
a Симбирскъ
1 2101
d 2014
463 Уровень физической единицы _0
1 2000
a № 3
v С. 4-5
1 001RU/REG73/CBS_GRAD/56bfd01a41224a54a540831892948bc0
600 Персоналии _1
a Персоналии (Фамилия) Масюков, Виталий Андреевич
606 Тематические рубрики 0_
a Основная рубрика Литературоведение
610 Ключевые слова 0_
a Ключевые слова поэты Ульяновска, писатели Ульяновска, воспоминания
686 Индексы других классификаций __
a Классификационный индекс 83.3(2Рос=Рус)6
2 Код системы rubbk
801 Источник записи _0
a Страна RU
b Организация RuCBSGrad
c Дата составления 20260202
g Правила каталогизации RCR
801 Источник записи _1
a Страна RU
b Организация RuCBSGrad
c Дата составления 20260202
g Правила каталогизации RCR
852 Данные о местонахождении __
a Наименование организации МБУК ЦБС г. Димитровграда
901 Тип документа __
t Тип документа b
w Контрольный № источника RU/REG73/CBS_GRAD/56bfd01a41224a54a540831892948bc0
909 Создатель записи __
a Создатель записи Тенигина
b Дата создания записи 20260202